Central Library OPAC University of Rajshahi

The European common market : (Record no. 15476)

MARC details
000 -LEADER
fixed length control field 01033nam a22003011 4500
001 - CONTROL NUMBER
control field 15476
003 - CONTROL NUMBER IDENTIFIER
rucl marc code BD-RjUL
005 - DATE AND TIME OF LATEST TRANSACTION
control field 20211208235826.0
008 - FIXED-LENGTH DATA ELEMENTS--GENERAL INFORMATION
fixed length control field 140210s1958 nyuab 000 0beng
035 ## - SYSTEM CONTROL NUMBER
System control number (BD-RjUL)15530
040 ## - CATALOGING SOURCE
Original cataloging agency DLC
Transcribing agency DLC
Modifying agency DLC
-- BD-RjUL
Language of cataloging eng
041 ## - LANGUAGE CODE
Language code of text/sound track or separate title eng
082 00 - DEWEY DECIMAL CLASSIFICATION NUMBER
Classification number 382
Author mark and year AME 1958
110 2# - MAIN ENTRY--CORPORATE NAME
Corporate name or jurisdiction name as entry element American Management Association.
9 (RLIN) 48078
245 04 - TITLE STATEMENT
Title The European common market :
Remainder of title new frontier for American business /
Statement of responsibility, etc. Contributors: John R. Allison [and others] Elizabeth Marting, editor.
260 ## - PUBLICATION, DISTRIBUTION, ETC. (IMPRINT)
Place of publication, distribution, etc. New York :
Name of publisher, distributor, etc. Times square,
Date of publication, distribution, etc. c1958.
300 ## - PHYSICAL DESCRIPTION
Pagination 220, xxxvi p. :
Illustrations ill., map, diagrs. ;
Size 24 cm.
490 1# - SERIES STATEMENT
Series statement AMA management report series, no. 18
610 20 - SUBJECT ADDED ENTRY--CORPORATE NAME
Corporate name or jurisdiction name as entry element European Economic Community.
651 #0 - SUBJECT ADDED ENTRY--GEOGRAPHIC NAME
Geographic name United States
General subdivision Commerce
Geographic subdivision Europe.
9 (RLIN) 9117
Geographic name Europe
General subdivision Commerce
Geographic subdivision United States.
9 (RLIN) 9118
700 1# - ADDED ENTRY--PERSONAL NAME
Personal name Allison, John R.
830 #0 - SERIES ADDED ENTRY--UNIFORM TITLE
Volume number/sequential designation no. 18
Uniform title AMA management report
942 ## - ADDED ENTRY ELEMENTS (KOHA)
Source of classification or shelving scheme Dewey Decimal Classification
Koha item type Books
Holdings
Lost status Source of classification or shelving scheme Damaged status Not for loan Collection code Permanent Location Current Location Shelving location Date acquired Source of acquisition Cost, normal purchase price Total Checkouts Full call number Date last seen Copy number Koha item type
  Dewey Decimal Classification   Not For Loan Non-fiction Central Library, University of Rajshahi Central Library, University of Rajshahi Reading Room 15/07/1964 Zeitlinger 48.00   382 AME 1958 10/02/2014 C-1 Books
  Dewey Decimal Classification     Non-fiction Central Library, University of Rajshahi Central Library, University of Rajshahi   15/07/1964 Zeitlinger 48.00   382 AME 1958 20/10/2019 C-2 Books